|
|
|
|
| LEADER |
01540nam a22002657a 4500 |
| 001 |
37563 |
| 003 |
BD-DhAAL |
| 008 |
211114r20201982bg ||||| |||| 00| 0 ben d |
| 999 |
|
|
|c 43327
|d 43327
|
| 020 |
|
|
|a 9789849231929
|
| 040 |
|
|
|a BD-DhAAL
|
| 041 |
|
|
|a ben
|
| 082 |
|
|
|a 954.92
|
| 100 |
|
|
|a মজুমদার, শ্রীরমেশচন্দ্র
|9 42591
|
| 245 |
|
|
|a বাংলা দেশের ইতিহাস,
|n চতুর্থ খণ্ড (১৯০৫-১৯৪৭) :
|b [মুক্তিসংগ্রাম] /
|c শ্রীরমেশচন্দ্র মজুমদার
|
| 260 |
|
|
|a ঢাকা :
|b দিব্যপ্রকাশ,
|c ২০১৮ [দ্বিতীয় মুদ্রণ ২০২০].
|
| 300 |
|
|
|a ৫৪৪ পৃষ্ঠা ;
|c ২২ সে.মি.
|
| 362 |
|
|
|a চতুর্থ খণ্ড
|
| 504 |
|
|
|a গ্রন্থপঞ্জী [পৃষ্ঠা ৫৪৪] অন্তর্ভুক্ত।
|
| 526 |
|
|
|a Shalish : a traditional dispute settlement mechanism within the formal legal framework, project duration : January - June 2021 (School of Law)
|
| 541 |
|
|
|a Complimentary copy from "Shalish" (School of Law)
|e 37563
|
| 651 |
|
|
|a Bangladesh
|x History.
|9 42592
|
| 852 |
|
|
|a Ayesha Abed Library
|c Bangabandhu Corner
|
| 942 |
|
|
|2 ddc
|c BK
|
| 952 |
|
|
|0 0
|1 0
|2 ddc
|4 0
|6 954_920000000000000_MOJ
|7 0
|9 69496
|a BRACUL
|b BRACUL
|c BNC
|d 2021-11-14
|e Complimentary copy from "Shalish" (School of Law)
|g 750.00
|l 2
|m 11
|o 954.92 MOJ
|p 3010037563
|r 2025-05-22
|s 2025-03-20
|t 1
|w 2021-11-14
|y BK
|